00847 a2200169 4500001000700000020001800007040003200025100002000057245003300077250001000110260001300120300002500133362000900158520046000167650002400627650002600651122672 a9788576619574 cEscola Canadense de Niteroi aAlexander, Fern10aA grande aventura dos Smurfs a1.ed. aBlumenau bil.c4 x 0.4 x 20 cm0 a2011 aEra a noite mais smurf do ano, o festival da lua Azul! Todos na Vila dos Smurfs estavam animados! Mas, assim que a Lua começou a subir no céu, Gargamel, o malvado feiticeiro, apareceu! Os Smurfs fugiram e, através de um portal mágico, chegaram a um mundo que eles nunca tinham visto antes. Será que os Smurfs conseguirão, neste mundo estranho, smurfar uma Lia Azul para enviá-los de volta para a sua aldeia, antes que Gargamel os aprisione?  4aLiteratura Infantil 4aAção ou Aventura